[Event "tm FRA 1st"]
[Site "France"]
[Date "1999.??.??"]
[Round "5"]
[White "Mensch, Etienne"]
[Black "Bouton, Christophe"]
[Result "1-0"]
[WhiteElo "2249"]
[BlackElo "2238"]
[Annotator "Strasbourg-Chess XV"]
[PlyCount "123"]
[EventDate "1999.??.??"]

1. d4 e6 2. c4 d5 3. Nc3 Nf6 4. cxd5 exd5 5. Bg5 c6 6. Qc2 Be7 7. e3 O-O 8. Bd3
Nbd7 9. Nge2 Re8 10. O-O-O Nf8 11. Bxf6 Bxf6 12. Rdg1 Be6 13. g4 c5 14. h4 cxd4
15. exd4 Rc8 16. g5 Bxd4 17. Nxd4 Qb6 18. Rd1 g6 19. Be2 Bd7 20. Qb3 Qd6 21.
Bb5 Qf4+ 22. Kb1 Bc6 23. Qc2 Ne6 24. Qd2 a6 25. Qxf4 Nxf4 26. Ba4 Kf8 27. Bb3
Rcd8 28. Rhe1 Re7 29. Rxe7 Kxe7 30. Nc2 f6 31. Rd4 fxg5 32. hxg5 Ne6 33. Nxd5+
Kf8 34. Rd1 Nxg5 35. Nce3 Kg7 36. f4 Ne4 37. f5 Nf6 38. fxg6 hxg6 39. a3 Re8
40. Rg1 Re5 41. Rd1 Rg5 42. Nxf6 Kxf6 43. Bd5 Bxd5 44. Nxd5+ Ke6 45. Nf4+ Ke5
46. Nd3+ Ke4 47. Kc2 Rb5 48. Re1+ Kf5 49. Rf1+ Kg4 50. b4 Rb6 51. a4 Rc6+ 52.
Kb3 Re6 53. Rf7 b6 54. Ra7 Kf3 55. Rxa6 g5 56. a5 Re3 57. Rxb6 Rxd3+ 58. Kc4
Ra3 59. Rf6+ Ke4 60. Rg6 Kf5 61. Rg8 g4 62. Kb5 1-0

[Event "tm FRA 1st"]
[Site "France"]
[Date "1999.??.??"]
[Round "5"]
[White "Bakus, Michel"]
[Black "Roos, Jean-Luc"]
[Result "1/2-1/2"]
[WhiteElo "2160"]
[BlackElo "2321"]
[Annotator "Chess XV-Strasbourg"]
[PlyCount "106"]
[EventDate "1999.??.??"]

1. e4 e6 2. d3 d5 3. Nd2 Nf6 4. Ngf3 Nc6 5. c3 Be7 6. Be2 O-O 7. O-O e5 8. h3
a5 9. a4 h6 10. Re1 Be6 11. Bf1 Nd7 12. b3 dxe4 13. dxe4 Bc5 14. Nc4 Qe7 15.
Bd3 Rfd8 16. Qe2 Nb6 17. Ncd2 Rd6 18. Bc2 Rad8 19. Nf1 Bc8 20. Ng3 Qf6 21. Qb5
Nd7 22. Nf5 Na7 23. Qe2 Rc6 24. Rd1 Re8 25. Be3 Bb6 26. c4 Nc5 27. Bxc5 Bxc5
28. Ne3 Rd6 29. Nd5 Qd8 30. Rd3 Nc6 31. Rad1 Nd4 32. Nxd4 Bxd4 33. Ne3 Qg5 34.
Qf3 Rf6 35. Nf5 Bxf5 36. exf5 Rxf5 37. Qxb7 Rxf2 38. Rxd4 exd4 39. Kxf2 Qe3+
40. Kf1 Qe2+ 41. Kg1 Qxc2 42. Qf3 Rd8 43. Rf1 Qg6 44. Qf4 Rd7 45. Qe5 Qe6 46.
Qxa5 Qe3+ 47. Kh1 Qxb3 48. Qa8+ Kh7 49. Qe4+ g6 50. Qc6 Re7 51. Qd5 Qe3 52.
Rxf7+ Rxf7 53. Qxf7+ Kh8 1/2-1/2

[Event "tm FRA 1st"]
[Site "France"]
[Date "1999.??.??"]
[Round "5"]
[White "Chapelle, Emilie"]
[Black "Bonvalot, Isabelle"]
[Result "1-0"]
[WhiteElo "2011"]
[BlackElo "2000"]
[Annotator "Strasbourg-Chess XV"]
[PlyCount "89"]
[EventDate "1999.??.??"]

1. d4 f5 2. Bg5 g6 3. e3 Bg7 4. Nf3 d6 5. Bd3 Nf6 6. Nbd2 O-O 7. c3 Nc6 8. Qb3+
Kh8 9. O-O-O e5 10. dxe5 dxe5 11. Bb5 Qe7 12. e4 h6 13. Bxf6 Bxf6 14. Bd3 a5
15. h4 a4 16. Qc2 Be6 17. exf5 gxf5 18. Bxf5 Bxa2 19. g4 Na5 20. Qe4 Nb3+ 21.
Nxb3 Bxb3 22. Rd7 Qe8 23. Rh7+ Kg8 24. Bd7 Bg7 25. Bxe8 Raxe8 26. g5 h5 27.
Rxg7+ Kxg7 28. Rf1 c6 29. Nxe5 Re6 30. Qd4 Rf5 31. Nxc6+ Kg8 32. Nb4 Re2 33.
Qd8+ Rf8 34. Qb6 Rfe8 35. Qg6+ Kf8 36. Qxh5 R8e6 37. Qh8+ Kf7 38. Qh7+ Ke8 39.
g6 Kd8 40. g7 Re8 41. h5 Kc8 42. Qf5+ Kb8 43. h6 R8e5 44. Qf8+ Re8 45. h7 1-0

[Event "tm FRA 1st"]
[Site "France"]
[Date "1999.??.??"]
[Round "5"]
[White "Pinter, Jozsef"]
[Black "Hebden, Mark"]
[Result "0-1"]
[WhiteElo "2581"]
[BlackElo "2556"]
[Annotator "Montpellier-Clichy"]
[PlyCount "75"]
[EventDate "1999.??.??"]

1. d4 Nf6 2. c4 g6 3. Nc3 Bg7 4. e4 d6 5. h3 O-O 6. Bg5 a5 7. Bd3 Nc6 8. Nge2
Nd7 9. Bc2 Nb6 10. Bb3 a4 11. Nxa4 Nxa4 12. Bxa4 Nxd4 13. Nxd4 c5 14. Nb5 Qa5+
15. Bd2 Qxa4 16. b3 Qxb3 17. Nc3 Bd7 18. a4 b5 19. cxb5 Bxb5 20. Nxb5 Bxa1 21.
O-O Bf6 22. Nc7 Qd3 23. Nxa8 Rxa8 24. Re1 Rb8 25. Re3 Qd4 26. Qe1 Qb2 27. Bc3
Bxc3 28. Qxc3 Qxc3 29. Rxc3 Rb4 30. e5 Kf8 31. Kf1 Ke8 32. exd6 exd6 33. g4 Kd7
34. Ke2 Kc6 35. Kf3 f5 36. gxf5 gxf5 37. Ke2 f4 38. Kd3 {
les noirs gagnent a 58 coups} 0-1

[Event "tm FRA 1st"]
[Site "France"]
[Date "1999.??.??"]
[Round "5"]
[White "Nataf, Igor-Alexandre"]
[Black "Prie, Eric"]
[Result "1/2-1/2"]
[WhiteElo "2481"]
[BlackElo "2467"]
[Annotator "Clichy-Montpellier"]
[PlyCount "30"]
[EventDate "1999.??.??"]

1. e4 c5 2. Nf3 Nc6 3. d4 cxd4 4. Nxd4 g6 5. Nc3 Bg7 6. Be3 Nf6 7. Bc4 O-O 8.
Bb3 d6 9. f3 Nxd4 10. Bxd4 Be6 11. O-O Nd7 12. Bxg7 Kxg7 13. Nd5 Bxd5 14. exd5
Qb6+ 15. Kh1 a5 1/2-1/2

[Event "tm FRA 1st"]
[Site "France"]
[Date "1999.??.??"]
[Round "5"]
[White "Apicella, Manuel"]
[Black "Sarthou, Gaetan"]
[Result "1-0"]
[WhiteElo "2515"]
[BlackElo "2326"]
[Annotator "Clichy-Montpellier"]
[PlyCount "81"]
[EventDate "1999.??.??"]

1. e4 c5 2. Nf3 Nc6 3. d4 cxd4 4. Nxd4 Nf6 5. Nc3 e5 6. Ndb5 d6 7. Nd5 Nxd5 8.
exd5 Nb8 9. c4 Be7 10. Be2 a6 11. Nc3 O-O 12. O-O f5 13. f4 Nd7 14. Kh1 Bf6 15.
Qc2 g6 16. Rb1 b6 17. b4 exf4 18. Bxf4 Ne5 19. c5 bxc5 20. bxc5 dxc5 21. Na4
Bd7 22. Nb6 Ra7 23. Qxc5 Bb5 24. Bxb5 axb5 25. d6 Nd7 26. Qd5+ Kh8 27. Nxd7
Qxd7 28. Rxb5 Rxa2 29. Rb7 Ra5 30. Qb3 Qa4 31. Qh3 h5 32. Qg3 Rg8 33. Bg5 Qd4
34. Qf4 Rga8 35. Qxd4 Bxd4 36. d7 Rd5 37. Re1 Bg7 38. h3 Kh7 39. Bf6 Rb8 40.
Rc7 Rg8 41. Re7 1-0

[Event "tm FRA 1st"]
[Site "France"]
[Date "1999.??.??"]
[Round "5"]
[White "Fressinet, Laurent"]
[Black "Relange, Eloi"]
[Result "1/2-1/2"]
[WhiteElo "2424"]
[BlackElo "2478"]
[Annotator "Montpellier-Clichy"]
[PlyCount "83"]
[EventDate "1999.??.??"]

1. e4 c5 2. Nf3 d6 3. d4 cxd4 4. Nxd4 Nf6 5. Nc3 a6 6. Rg1 b5 7. g4 Bb7 8. Bg2
e6 9. a3 Qc7 10. f4 Nc6 11. Nxc6 Bxc6 12. Qe2 Be7 13. Be3 Qb7 14. Bd4 b4 15.
axb4 Qxb4 16. e5 Qxd4 17. Bxc6+ Nd7 18. Rg3 Rd8 19. Qe3 dxe5 20. Rd1 Qxe3+ 21.
Rxe3 Bh4+ 22. Ke2 Ke7 23. Bxd7 Rxd7 24. Rxd7+ Kxd7 25. Rxe5 Bf6 26. Rc5 Rb8 27.
Na4 Bxb2 28. Ra5 Bd4 29. Rxa6 Bg1 30. h3 Rb4 31. Kf3 Ke7 32. Ra5 Rc4 33. c3 Bh2
34. f5 Kf6 35. fxe6 fxe6 36. Ra6 Be5 37. Ke3 h5 38. Kd3 Rc7 39. gxh5 Kf5 40. c4
Rd7+ 41. Kc2 Bd4 42. c5 1/2-1/2

[Event "tm FRA 1st"]
[Site "France"]
[Date "1999.??.??"]
[Round "5"]
[White "Conquest, Stuart"]
[Black "Laclau, Daniel"]
[Result "1-0"]
[WhiteElo "2488"]
[BlackElo "2292"]
[Annotator "Clichy-Montpellier"]
[PlyCount "45"]
[EventDate "1999.??.??"]

1. e4 d5 2. exd5 Qxd5 3. Nc3 Qa5 4. Bc4 Nf6 5. d4 c6 6. Bd2 Bf5 7. Nge2 e6 8.
Ng3 Bg6 9. h4 h6 10. Nd5 Qd8 11. Nf4 Bh7 12. Qe2 Qd6 13. O-O-O Nbd7 14. Rhe1
O-O-O 15. Kb1 Nb6 16. Bb3 Nbd5 17. Nd3 Qc7 18. Ka1 Bd6 19. Ne5 c5 20. c4 Nb6
21. dxc5 Bxc5 22. Bf4 Qe7 23. Nxf7 1-0

[Event "tm FRA 1st"]
[Site "France"]
[Date "1999.??.??"]
[Round "5"]
[White "Touzane, Olivier"]
[Black "Renet, Olivier"]
[Result "0-1"]
[WhiteElo "2378"]
[BlackElo "2500"]
[Annotator "Montpellier-Clichy"]
[PlyCount "80"]
[EventDate "1999.??.??"]

1. e4 c5 2. Nf3 e6 3. d3 d5 4. Nbd2 Nc6 5. g3 Bd6 6. Bg2 Nge7 7. O-O O-O 8. Re1
f6 9. h4 Bc7 10. a3 d4 11. a4 e5 12. Nf1 Ba5 13. Bd2 Be6 14. b3 a6 15. N1h2 b5
16. Bxa5 Nxa5 17. h5 c4 18. bxc4 bxc4 19. Nh4 Rb8 20. f4 cxd3 21. cxd3 Nb3 22.
Rb1 Qd6 23. Rf1 Nc5 24. Rxb8 Rxb8 25. h6 gxh6 26. Ng4 Bxg4 27. Qxg4+ Kh8 28.
fxe5 Qxe5 29. Nf3 Qd6 30. Qh5 Nxd3 31. Qxh6 Ng8 32. Qd2 {
maintenant voici la suite probable de la partie...} 32... Rb2 33. e5 Qa3 34.
Qd1 Nxe5 35. Qxd4 Qa2 36. Nh4 Rd2 37. Qb6 Qxa4 38. Rxf6 Nd7 39. Qe3 Rxg2+ 40.
Kxg2 Ndxf6 0-1

[Event "tm FRA 1st"]
[Site "France"]
[Date "1999.??.??"]
[Round "5"]
[White "Leconte, Maria"]
[Black "Planchon, Corinne"]
[Result "1-0"]
[WhiteElo "2315"]
[BlackElo "1760"]
[Annotator "Clichy-Montpellier"]
[PlyCount "61"]
[EventDate "1999.??.??"]

1. e4 e6 2. d3 c5 3. Nf3 Nc6 4. g3 d5 5. Nbd2 g6 6. Bg2 Bg7 7. O-O Nge7 8. Re1
h6 9. h4 b6 10. c3 Qc7 11. Nf1 dxe4 12. dxe4 O-O 13. Qa4 e5 14. Ne3 Be6 15. h5
Kh7 16. Qc2 Rad8 17. Nh4 Qc8 18. Nd5 g5 19. Nf3 Bg4 20. Be3 Bxh5 21. Rad1 Bg6
22. Qa4 Qb7 23. Qb5 a6 24. Qxb6 Qxb6 25. Nxb6 Rxd1 26. Rxd1 Rb8 27. Bxc5 Nc8
28. Nc4 Rb5 29. b4 a5 30. a4 Rb7 31. b5 1-0

[Event "tm FRA 1st"]
[Site "France"]
[Date "1999.??.??"]
[Round "5"]
[White "Hodgson, Julian"]
[Black "Sadler, Matthew"]
[Result "1/2-1/2"]
[WhiteElo "2565"]
[BlackElo "2668"]
[Annotator "Le Mans-Monaco"]
[PlyCount "38"]
[EventDate "1999.??.??"]

1. b3 e5 2. Bb2 d6 3. e3 Nf6 4. c4 g6 5. g3 Bg4 6. f3 Be6 7. Bg2 Nc6 8. Ne2 Bg7
9. O-O h5 10. d4 exd4 11. Nxd4 Nxd4 12. Bxd4 h4 13. g4 h3 14. Bh1 c5 15. Bc3
Qe7 16. Qe1 O-O-O 17. Na3 d5 18. cxd5 Rxd5 19. Rc1 Rg5 1/2-1/2

[Event "tm FRA 1st"]
[Site "France"]
[Date "1999.??.??"]
[Round "5"]
[White "Piket, Jeroen"]
[Black "Kozakov, Mikhail"]
[Result "1/2-1/2"]
[WhiteElo "2619"]
[BlackElo "2420"]
[Annotator "Monaco-Le Mans"]
[PlyCount "67"]
[EventDate "1999.??.??"]

1. d4 Nf6 2. Nf3 g6 3. c4 Bg7 4. Nc3 d6 5. e4 O-O 6. Be2 Na6 7. O-O e5 8. Re1
c6 9. d5 Nc5 10. Qc2 a5 11. Be3 Na6 12. dxc6 bxc6 13. h3 Qc7 14. Rac1 Nd7 15.
Qd2 Ndc5 16. Red1 Rd8 17. Ne1 Ne6 18. Bg4 Nd4 19. Bxc8 Raxc8 20. Nc2 Ne6 21.
Na4 Rb8 22. Qe1 Nb4 23. a3 Nxc2 24. Rxc2 f5 25. c5 d5 26. exd5 cxd5 27. Rdc1
Qc6 28. Qxa5 f4 29. Bd2 Nd4 30. Nb6 f3 31. g3 Nxc2 32. Rxc2 d4 33. Qa4 Qe4 34.
Qc4+ 1/2-1/2

[Event "tm FRA 1st"]
[Site "France"]
[Date "1999.??.??"]
[Round "5"]
[White "Efimov, Igor"]
[Black "Berthelot, Yannick"]
[Result "1-0"]
[WhiteElo "2494"]
[BlackElo "2327"]
[Annotator "Monaco-Le Mans"]
[PlyCount "58"]
[EventDate "1999.??.??"]

1. d4 Nf6 2. c4 g6 3. Nc3 Bg7 4. e4 d6 5. Nge2 O-O 6. Ng3 e5 7. d5 c6 8. Bd3 a6
9. O-O cxd5 10. cxd5 Nbd7 11. b4 a5 12. Ba3 axb4 13. Bxb4 Ne8 14. Qe2 h5 15.
Rfc1 h4 16. Nf1 Bh6 17. Rc2 Ndf6 18. Bb5 Nh5 19. Bxe8 Rxe8 20. Nb5 Nf4 21. Qf3
Qg5 22. Ne3 Rd8 23. Nxd6 Bd7 24. Rb1 f5 25. Nec4 Bf8 26. Nxe5 Bxd6 27. Bxd6
fxe4 28. Nf7 exf3 29. Nxg5 fxg2 1-0

[Event "tm FRA 1st"]
[Site "France"]
[Date "1999.??.??"]
[Round "5"]
[White "Bujisho, Benjamin"]
[Black "Miralles, Gilles"]
[Result "0-1"]
[WhiteElo "2270"]
[BlackElo "2491"]
[Annotator "Le Mans-Monaco"]
[PlyCount "120"]
[EventDate "1999.??.??"]

1. e4 e5 2. Nf3 Nc6 3. Bb5 a6 4. Ba4 Nf6 5. O-O Be7 6. Re1 b5 7. Bb3 d6 8. c3
O-O 9. h3 Nd7 10. a4 Rb8 11. d4 Bf6 12. d5 Ne7 13. Bc2 Ng6 14. Nbd2 Nf4 15. Nf1
Nc5 16. axb5 axb5 17. b4 Nd7 18. Ra5 Re8 19. Bd3 Nxd3 20. Qxd3 Qe7 21. Be3 Nf8
22. Rea1 Bd7 23. g4 Bh4 24. Ra7 Rec8 25. Kh2 Ng6 26. Ng3 Bxg3+ 27. fxg3 h6 28.
R1a6 Qd8 29. Qf1 Ra8 30. Rxa8 Rxa8 31. Qa1 Rc8 32. Qa5 Qf6 33. Nd2 Qd8 34. Kg2
Ne7 35. Ra7 Kh7 36. c4 bxc4 37. Nxc4 Ng8 38. b5 Nf6 39. Kf3 g5 40. b6 cxb6 41.
Nxb6 Rb8 42. Nxd7 Nxd7 43. Qxd8 Rxd8 44. Bd2 Nf6 45. Rxf7+ Kg6 46. Rc7 Rf8 47.
Ke3 h5 48. gxh5+ Nxh5 49. Be1 Rb8 50. Kf3 Rb1 51. Bf2 Rb3+ 52. Kg2 Nf6 53. Rc4
g4 54. hxg4 Nxg4 55. Rc2 Kh5 56. Bg1 Nf6 57. Re2 Kg4 58. Bf2 Rb4 59. Be1 Rc4
60. Bf2 Nh5 0-1

[Event "tm FRA 1st"]
[Site "France"]
[Date "1999.??.??"]
[Round "5"]
[White "Lanzani, Mario"]
[Black "Blot, Jerome"]
[Result "0-1"]
[WhiteElo "2393"]
[BlackElo "2253"]
[Annotator "Monaco-Le Mans"]
[PlyCount "78"]
[EventDate "1999.??.??"]

1. e4 c5 2. Nf3 Nc6 3. Bb5 g6 4. Bxc6 dxc6 5. d3 Bg7 6. h3 e5 7. O-O Ne7 8. Qe2
O-O 9. a4 h6 10. Na3 Be6 11. b3 Qc7 12. Bb2 g5 13. Kh2 Ng6 14. g3 Rae8 15. Nc4
f5 16. Ne1 Kh7 17. f3 h5 18. Ng2 b5 19. Nd2 h4 20. g4 f4 21. Qf2 Qe7 22. axb5
cxb5 23. Ra5 Rb8 24. Rfa1 Rb7 25. Nb1 Rc8 26. Nc3 Qd7 27. R1a2 Bf6 28. Qg1 Bd8
29. Ra6 Bb6 30. Qd1 Rd8 31. Ra1 c4 32. dxc4 Qxd1 33. Rxd1 Rxd1 34. Nxd1 bxc4
35. b4 Rd7 36. Nc3 Rd2 37. Na4 Bc8 38. Rxb6 axb6 39. Nxb6 Ba6 0-1

[Event "tm FRA 1st"]
[Site "France"]
[Date "1999.??.??"]
[Round "5"]
[White "Miezis, Normunds"]
[Black "Duquesnoy, Jean-Philippe"]
[Result "1-0"]
[WhiteElo "2525"]
[BlackElo "2166"]
[Annotator "Gonfreville-Avignon"]
[PlyCount "47"]
[EventDate "1999.??.??"]

1. c4 Nf6 2. Nc3 d5 3. cxd5 Nxd5 4. g3 g6 5. Bg2 Nb6 6. d3 Bg7 7. Bd2 c6 8. Qc1
h5 9. Nf3 N8d7 10. Ne4 Nd5 11. Rb1 a5 12. a3 a4 13. h3 N7f6 14. O-O Nxe4 15.
dxe4 Nc7 16. Rd1 Bd7 17. Bc3 Bxc3 18. Qxc3 f6 19. e5 Kf7 20. Qd4 Bf5 21. Qc4+
Be6 22. Qf4 Qc8 23. Ng5+ Kg7 24. exf6+ 1-0

[Event "tm FRA 1st"]
[Site "France"]
[Date "1999.??.??"]
[Round "5"]
[White "Rausis, Igors"]
[Black "Vial, Patrick"]
[Result "1-0"]
[WhiteElo "2508"]
[BlackElo "2190"]
[Annotator "Gonfreville-Avignon"]
[PlyCount "65"]
[EventDate "1999.??.??"]

1. d4 g6 2. c4 Bg7 3. e4 c5 4. Nf3 cxd4 5. Nxd4 Nc6 6. Be3 Qa5+ 7. Nc3 Nf6 8.
Nb3 Qd8 9. Be2 O-O 10. O-O d6 11. Rc1 Ne5 12. f3 b6 13. Qd2 Ba6 14. Nb5 Qd7 15.
N3d4 Rfc8 16. b3 Nc6 17. Nc2 Ne5 18. Nb4 Bb7 19. Rfd1 h5 20. h3 Kh7 21. Bf1 Nc6
22. Nd5 Nd8 23. Qf2 Nxd5 24. exd5 Ba6 25. a4 Bxb5 26. axb5 Nb7 27. Rc2 Rc7 28.
g4 hxg4 29. Qh4+ Kg8 30. hxg4 Rac8 31. Rh2 Qe8 32. Qh7+ Kf8 33. Bh6 1-0

[Event "tm FRA 1st"]
[Site "France"]
[Date "1999.??.??"]
[Round "5"]
[White "Belkhodja, Slim"]
[Black "Lepelletier, Benoit"]
[Result "1/2-1/2"]
[WhiteElo "2423"]
[BlackElo "2456"]
[Annotator "Caissa-Orange"]
[PlyCount "36"]
[EventDate "1999.??.??"]

1. e4 c5 2. Nf3 e6 3. d3 d5 4. Qe2 Nf6 5. g3 Nc6 6. Bg2 Be7 7. O-O b6 8. e5 Nd7
9. c4 dxc4 10. dxc4 Bb7 11. Nc3 O-O 12. Rd1 Qc8 13. h4 Rd8 14. Bg5 h6 15. Bxe7
Nxe7 16. Nb5 Bc6 17. Nd6 Qc7 18. h5 Nc8 1/2-1/2

[Event "tm FRA 1st"]
[Site "France"]
[Date "1999.??.??"]
[Round "5"]
[White "De la Riva Aguado, Oscar"]
[Black "Elbilia, Jacques"]
[Result "1-0"]
[WhiteElo "2496"]
[BlackElo "2360"]
[Annotator "Orange-Caissa"]
[PlyCount "55"]
[EventDate "1999.??.??"]

1. e4 e6 2. d4 d5 3. Nc3 Bb4 4. exd5 exd5 5. Bd3 Nc6 6. a3 Bxc3+ 7. bxc3 Nge7
8. Qh5 Be6 9. Rb1 b6 10. Nf3 Qd7 11. Ng5 O-O-O 12. Nxe6 Qxe6+ 13. Be3 g6 14.
Qf3 Nf5 15. O-O Nxe3 16. Rfe1 Qd6 17. fxe3 f5 18. c4 dxc4 19. Bxc4 Kb8 20. Bb5
Na5 21. c4 f4 22. c5 Qf8 23. Red1 fxe3 24. Qxe3 Qf7 25. Qc3 Rhf8 26. Qxa5 Qf2+
27. Kh1 bxa5 28. Bd7+ 1-0

[Event "tm FRA 1st"]
[Site "France"]
[Date "1999.??.??"]
[Round "5"]
[White "Fontaine, Robert"]
[Black "Magem Badals, Jordi"]
[Result "1/2-1/2"]
[WhiteElo "2365"]
[BlackElo "2557"]
[Annotator "Caissa-Orange"]
[PlyCount "45"]
[EventDate "1999.??.??"]

1. e4 c6 2. d4 d5 3. Nc3 dxe4 4. Nxe4 Bf5 5. Ng3 Bg6 6. h4 h6 7. Nf3 Nf6 8. Ne5
Bh7 9. Bd3 Nbd7 10. Bxh7 Nxe5 11. Bf5 Ned7 12. Bd3 e6 13. Qe2 Qc7 14. Bd2 O-O-O
15. O-O-O c5 16. dxc5 Nxc5 17. Be3 Bd6 18. Kb1 Bf4 19. Bxc5 Qxc5 20. Ne4 Nxe4
21. Bxe4 Be5 22. c3 Bf6 23. h5 1/2-1/2

[Event "tm FRA 1st"]
[Site "France"]
[Date "1999.??.??"]
[Round "5"]
[White "Ochoa de Echeguen, Javier"]
[Black "Spiridonov, Nikola"]
[Result "1/2-1/2"]
[WhiteElo "2435"]
[BlackElo "2398"]
[Annotator "Orange-Caissa"]
[PlyCount "27"]
[EventDate "1999.??.??"]

1. e4 c5 2. Nc3 Nc6 3. Nge2 g6 4. d4 cxd4 5. Nxd4 Bg7 6. Nde2 Nf6 7. g3 b5 8.
Bg2 Rb8 9. O-O O-O 10. a3 d6 11. h3 a6 12. Be3 Bb7 13. f4 e6 14. Qd3 1/2-1/2

[Event "tm FRA 1st"]
[Site "France"]
[Date "1999.??.??"]
[Round "5"]
[White "Santo-Roman, Marc"]
[Black "Lopez, Jorge"]
[Result "1-0"]
[WhiteElo "2376"]
[BlackElo "2189"]
[Annotator "Orange-Caissa"]
[PlyCount "85"]
[EventDate "1999.??.??"]

1. e4 c6 2. d4 d5 3. Nc3 g6 4. e5 h5 5. Nf3 Bg4 6. Bd3 e6 7. h3 Bxf3 8. Qxf3 h4
9. O-O Nd7 10. Re1 Qc7 11. Bf4 Ne7 12. Ne2 Nf5 13. b3 Qb6 14. Red1 Be7 15. c4
Qa5 16. a3 Qd8 17. c5 a5 18. b4 axb4 19. axb4 b5 20. Bc2 Kf8 21. Qc3 Kg7 22.
Rxa8 Qxa8 23. Ra1 Qb7 24. Qa3 Rc8 25. Bd2 Nf8 26. f4 Nh7 27. Be1 Qd7 28. Kh1 g5
29. Qf3 Nf8 30. Bd2 gxf4 31. Nxf4 Ng6 32. Nh5+ Kf8 33. Bxf5 exf5 34. Bh6+ Ke8
35. Ng7+ Kd8 36. Nxf5 Rc7 37. Ra8+ Rc8 38. Ra1 Rc7 39. Nd6 Bxd6 40. exd6 Ra7
41. Qf6+ Kc8 42. Rxa7 Qxa7 43. Qf5+ 1-0

[Event "tm FRA 1st"]
[Site "France"]
[Date "1999.??.??"]
[Round "5"]
[White "Guidarelli, Laurent"]
[Black "Wolrich, Charles"]
[Result "1-0"]
[WhiteElo "2272"]
[BlackElo "2161"]
[Annotator "Orange-Caissa"]
[PlyCount "87"]
[EventDate "1999.??.??"]

1. d4 Nf6 2. Nf3 g6 3. Nc3 d5 4. Bf4 Bg7 5. e3 O-O 6. Be2 c5 7. dxc5 Qa5 8. Nd2
Ne4 9. Ncxe4 dxe4 10. c3 Qxc5 11. Nxe4 Qb6 12. Qb3 Nd7 13. O-O a5 14. Rfd1 a4
15. Qxb6 Nxb6 16. Bc7 Nd7 17. a3 b6 18. Bb5 Ra7 19. Bxd7 Rxc7 20. Bxa4 Be6 21.
Rd2 Ra7 22. Bc2 h6 23. Rad1 Raa8 24. Ng3 Bg4 25. f3 Be6 26. Kf2 Rfc8 27. Ne2
Be5 28. Be4 Rab8 29. Bd5 Bxd5 30. Rxd5 Bd6 31. Nd4 h5 32. f4 Bc5 33. Nb5 Ra8
34. Kf3 Kg7 35. Rd7 Ra5 36. Na7 Ra8 37. Nc6 Ra4 38. Nxe7 Re8 39. Nd5 Rae4 40.
Rd3 g5 41. b4 g4+ 42. Kf2 Bf8 43. Nc7 Rc8 44. Nb5 1-0

[Event "tm FRA 1st"]
[Site "France"]
[Date "1999.??.??"]
[Round "5"]
[White "Chaude de Silans, Chantal"]
[Black "Guadalpi, Celine"]
[Result "1-0"]
[WhiteElo "1900"]
[BlackElo "1980"]
[Annotator "Caissa-Orange"]
[PlyCount "61"]
[EventDate "1999.??.??"]

1. e4 e6 2. d4 d5 3. e5 c5 4. c3 Nc6 5. Nf3 Qb6 6. Bd3 cxd4 7. cxd4 a6 8. Nc3
Bd7 9. Bc2 Nge7 10. O-O Ng6 11. a3 Be7 12. b4 Nh4 13. Nxh4 Bxh4 14. Be3 Be7 15.
Na4 Qc7 16. Nc5 O-O 17. Qg4 b6 18. Bh6 g6 19. Nxd7 Qxd7 20. Bxf8 Rxf8 21. Rad1
f5 22. Qg3 Kh8 23. Qd3 b5 24. Rc1 f4 25. Bd1 f3 26. Bxf3 Rf4 27. Qe3 Bg5 28.
Rc5 Nxd4 29. Bd1 Nf5 30. Qc1 Qf7 31. g3 1-0

[Event "tm FRA 1st"]
[Site "France"]
[Date "1999.??.??"]
[Round "6"]
[White "Tkachiev, Vladislav"]
[Black "Sokolov, Andrei"]
[Result "1-0"]
[WhiteElo "2634"]
[BlackElo "2567"]
[Annotator "Cannes-Mulhouse"]
[PlyCount "79"]
[EventDate "1999.??.??"]

1. d4 Nf6 2. c4 e6 3. g3 d5 4. Nf3 dxc4 5. Bg2 c5 6. O-O Nc6 7. Ne5 Bd7 8. Na3
cxd4 9. Naxc4 Nxe5 10. Nxe5 Qb6 11. Bg5 Be7 12. Rc1 Rd8 13. Nc4 Qc5 14. Bf4 O-O
15. Bxb7 Nd5 16. Ne5 Qb5 17. Bc6 Bxc6 18. Nxc6 Rd7 19. Qxd4 Bf6 20. Qc4 Qxb2
21. Rc2 Qb6 22. Bd2 h6 23. Rfc1 Ne7 24. Nxe7+ Bxe7 25. Be3 Qa5 26. Qg4 h5 27.
Qf3 Rfd8 28. Kg2 g6 29. h4 a6 30. Bf4 Qd5 31. Qxd5 Rxd5 32. Rc6 a5 33. Ra6 R8d7
34. Rc8+ Kg7 35. Raa8 Rd8 36. Rxd8 Bxd8 37. e4 Rd7 38. Be5+ Bf6 39. Bxf6+ Kxf6
40. Rxa5 1-0

[Event "tm FRA 1st"]
[Site "France"]
[Date "1999.??.??"]
[Round "6"]
[White "Baklan, Vladimir"]
[Black "Chabanon, Jean-Luc"]
[Result "1/2-1/2"]
[WhiteElo "2552"]
[BlackElo "2468"]
[Annotator "Mulhouse-Cannes"]
[PlyCount "120"]
[EventDate "1999.??.??"]

1. e4 d6 2. d4 Nf6 3. Nc3 g6 4. g3 Bg7 5. Bg2 O-O 6. Nge2 e5 7. h3 Nc6 8. Be3
exd4 9. Nxd4 Bd7 10. O-O Re8 11. Re1 a6 12. Nb3 a5 13. a4 Nb4 14. f4 Bc6 15.
Bf2 h5 16. Re2 Nd7 17. Nd4 Nb6 18. b3 Bd7 19. Rd2 Qe7 20. Rb1 Rad8 21. Qf3 Bc8
22. Ndb5 Na8 23. Rbd1 Bd7 24. Re1 Bxb5 25. axb5 c6 26. bxc6 bxc6 27. Na4 Nc7
28. h4 Nba6 29. Rde2 Ne6 30. c3 Rb8 31. f5 Nd8 32. c4 Be5 33. g4 hxg4 34. Qxg4
Rxb3 35. fxg6 Qe6 36. gxf7+ Kxf7 37. Qf5+ Qxf5 38. exf5 Kf6 39. c5 dxc5 40.
Nxc5 Nxc5 41. Bxc5 Nf7 42. Bf2 Rg8 43. Kf1 Rb4 44. Bxc6 Rf4 45. Bd5 Bd4 46. Rd2
Bxf2 47. Rxf2 Rgg4 48. Re6+ Kxf5 49. Ra6 Rxf2+ 50. Kxf2 Rg7 51. Ke3 Rg3+ 52.
Kd4 Rg7 53. Ke3 Rg3+ 54. Kf2 Rg7 55. h5 Ne5 56. h6 Rh7 57. Kg3 Kg5 58. Re6 Ng6
59. Be4 Rxh6 60. Ra6 Ne5 1/2-1/2

[Event "tm FRA 1st"]
[Site "France"]
[Date "1999.??.??"]
[Round "6"]
[White "Anic, Darko"]
[Black "Popovic, Petar"]
[Result "1/2-1/2"]
[WhiteElo "2464"]
[BlackElo "2482"]
[Annotator "Cannes-Mulhouse"]
[PlyCount "82"]
[EventDate "1999.??.??"]

1. Nf3 Nf6 2. c4 g6 3. b3 Bg7 4. Bb2 c5 5. g3 d6 6. Bg2 e5 7. O-O Nc6 8. Nc3
O-O 9. e3 Bg4 10. h3 Bf5 11. d4 exd4 12. exd4 Ne4 13. Nd5 Ng5 14. Nxg5 Qxg5 15.
Ne3 Nxd4 16. h4 Qe7 17. Bxd4 Bxd4 18. Nxf5 gxf5 19. Rc1 Rae8 20. Re1 Qf6 21.
Qf3 Re6 22. Bh3 Rfe8 23. Kf1 Qe7 24. Rxe6 fxe6 25. Re1 Qf7 26. Bg2 Re7 27. Re2
Be5 28. Qd3 Kg7 29. f4 Bd4 30. b4 Qf6 31. bxc5 dxc5 32. Bf3 Rd7 33. Kg2 Qe7 34.
Qb1 Qf7 35. Qb5 Rd6 36. Qxb7 Qxb7 37. Bxb7 Rb6 38. Bc8 Kf6 39. Bd7 Ra6 40. Bc8
Rb6 41. Bd7 Ra6 1/2-1/2

[Event "tm FRA 1st"]
[Site "France"]
[Date "1999.??.??"]
[Round "6"]
[White "Koch, Jean-Rene"]
[Black "Godena, Michele"]
[Result "1-0"]
[WhiteElo "2485"]
[BlackElo "2552"]
[Annotator "Mulhouse-Cannes"]
[PlyCount "85"]
[EventDate "1999.??.??"]

1. e4 e5 2. Nf3 Nc6 3. c3 Nf6 4. Qa4 d6 5. Be2 Bd7 6. Qc2 g6 7. b4 Qe7 8. O-O
Bg7 9. Re1 a6 10. d3 O-O 11. Nbd2 Nh5 12. Nc4 f5 13. exf5 gxf5 14. Ng5 h6 15.
Nh3 Qh4 16. Qd1 Nf6 17. f4 Rae8 18. Bd2 b5 19. Rf1 Ng4 20. Ne3 Kh7 21. Rc1 Nxe3
22. Bxe3 Ne7 23. c4 bxc4 24. dxc4 Nc6 25. c5 Qe7 26. Bh5 Rb8 27. a3 Nd4 28. Nf2
Bb5 29. Re1 Qd7 30. Bxd4 exd4 31. Nd3 Rbd8 32. Qc2 Ba4 33. Qf2 Bc6 34. Bf3 Bb5
35. c6 Qf7 36. Qc2 Rfe8 37. a4 Rxe1+ 38. Nxe1 d3 39. Nxd3 Bd4+ 40. Kh1 Bxd3 41.
Qxd3 Bb6 42. Re1 Qa2 43. Qxf5+ 1-0